000 00992nam a22003257a 4500
003 CHAP
005 20220817041245.0
008 971013s1991 r 00010 d
010 _a9728
011 _a10700
035 _a9938
040 _cCHAP
082 _a001.535
_bB4
100 0 0 _aBenedikt, Michael
_eed.
_911554
245 _aCyberspace
_b: first steps
260 _aCambridge :
_bThe MIT Press,
_c1991
300 _a436 p.
590 _aBATCH-UPD
_b10
_c20130110
_lUCH01
_h0241
590 _aBATCH-UPD
_b10
_c20130110
_lUCH01
_h1159
590 _aBATCH-UPD
_b10
_c20130409
_lUCH01
_h2307
590 _aBATCH-UPD
_b10
_c20130410
_lUCH01
_h1433
590 _aBATCH-UPD
_b10
_c20130914
_lUCH01
_h0930
590 _aCONVERSION
_b10
_c20130109
_lUCH01
_h1306
650 1 4 _aCibernética.
_923033
650 1 4 _aInteligencia artificial.
_959507
650 1 4 _aMetafĂ­sica.
901 _aBK
942 _cLIBRO
949 _a001.535 B4
_bBC
_cLIBRO
_d33724000225835
_eLIBRO
_gI. c/e
_h86369
_i9938
_si
_t79.25
999 _c9728
_d9728